| 000 | 02213nam a2200361 a 4500 | ||
|---|---|---|---|
| 001 | 000027307 | ||
| 003 | DO-SdBNP | ||
| 005 | 20171023105150.0 | ||
| 007 | 000027307 | ||
| 008 | 110331t1995 dr ac 001 0bspa d | ||
| 040 |
_aBPMSU _bspa _cBPMSU |
||
| 082 | 4 |
_a972.9304 _bB174p |
|
| 100 | 1 |
_aBalcácer, Juan Daniel, _d1949- |
|
| 245 | 1 | 0 |
_aPensamiento y acción de los padres de la Patria / _cJuan Daniel Balcácer. |
| 260 | 0 |
_aSanto Domingo : _bTaller, _c1995. |
|
| 300 |
_a111 p. : _bil. ; _c22 cm. |
||
| 500 | _aIncluye bibliografía y notas al pie de páginas y al final de capítulos. | ||
| 505 | 0 |
_gPresentación . _gJuan Pablo Duarte : su pensamiento político : _tPara conocer a Duarte -- _tDuarte y el Santo Domingo de su época -- _tLos fueros de Barcelona -- _tEl nacionalista -- _tContra el intervencionismo -- _tEl escritor. |
|
| 505 | 0 |
_gRamón Matías Mella: el prócer de La Misericordia : _tFamilia de próceres -- _tLos primeros años -- _tDurante la dominación haitiana -- _tActividades revolucionarias -- _tEl trabucazo heroico -- _tServicio a la patria -- _tMisión diplomática -- _tTrayectoria militar -- _tIntrepidez y audacia -- _tEn la cima del patriotismo. |
|
| 505 | 0 |
_gFrancisco del Rosario Sánchez : el mártir de El Cercado : _tNacionalista pragmático -- _tLos primeros años -- _tEn los afanes revolucionarios -- _tProclamación de la República -- _tSánchez y Santana -- _tSánchez y Báez -- _tAl margen de la política -- _tSánchez y la anexión -- _tSánchez y Duarte -- _tRedentor y mártir -- _gApéndice: Breve historia de la bandera. |
|
| 600 | 1 | 4 |
_aDUARTE, JUAN PABLO, _d1813-1876 _xPENSAMIENTO POLÍTICO |
| 600 | 1 | 4 |
_aSÁNCHEZ, FRANCISCO DEL ROSARIO, _d1817-1861 _xPENSAMIENTO POLÍTICO |
| 600 | 1 | 4 |
_aMELLA, MATÍAS RAMÓN, _d1816-1864 _xPENSAMIENTO POLÍTICO |
| 650 | 4 |
_aESTADISTAS _zREPÚBLICA DOMINICANA _vBIOGRAFÍAS |
|
| 651 | 4 |
_aREPÚBLICA DOMINICANA _xHISTORIA _y1844-1930 |
|
| 651 | 4 |
_aREPÚBLICA DOMINICANA _xBIOGRAFÍAS |
|
| 910 | _aValidado. Control de calidad MFF | ||
| 942 |
_2ddc _cBK |
||
| 945 | _aInventariado / 2017 VM | ||
| 956 |
_aVMATEO _b10 _c20110331 _lBND01 _h0934 |
||
| 956 |
_aEMARRERO _b40 _c20110706 _lBND01 _h1053 |
||
| 956 |
_aVMATEO _b10 _c20150810 _lBPMSU _h00151 |
||
| 999 |
_c8160 _d8160 |
||